000 00651nam a2200181Ia 4500
003 GCL
008 140319s9999 xx 000 0 ara d
040 _aGCL /
_cGCL
082 0 4 _a791.4353
_bم ف
100 1 _aمنى سعيد الحديدى
245 1 0 _aالفيلم التسجيلى :
_bتعريفه- اتجاهاته - اسسه و قواعده /
_cمنى سعيد الحديدى
260 _aالقاهرة :
_bدار الفكر العربى ،
_c1990
300 _a112 ص ؛
_c24 سم
650 0 4 _aالوسائل السمعية والبصرية
650 0 4 _aشرائح الافلام
650 0 4 _aتحميض وطبع
942 _2ddc
_cBK
999 _c33036
_d33036